000 01287namaa22003131i 4500
005 20251222104247.0
008 251211s1995 ua a|||frm||| 000 0 eng d
040 _aEG-GICUC
_beng
_cEG-GICUC
_dEG-GICUC
_erda
041 0 _aeng
_beng
_bara
049 _aDeposit
097 _aPh.D
099 _aCai01.10.17.Ph.D.1995.Sa.S.
100 0 _aSamir Mohamed Edries,
_epreparation.
245 1 0 _aStudies On Preparation Of Inactivated Tissue culture Antirabies Vaccine /
_cBy Samir Mohamed Edries; Under The Supervision Of Prof.Dr. Mohamed S. Saber, Prof.Dr. Youssef Z. Habashi.
246 1 5 _aدراسات عن تحضير لقاح نسيجي ضد فيروس مرض الكلب
264 0 _c1995.
300 _a135 Leaves :
_billustrations ;
_c30 cm. +
336 _2rda content
_atext
337 _2rdamedia
_aUnmediated
338 _2rdacarrier
_avolume
502 _aThesis (Ph.D)-Cairo University, 1995.
504 _aBibliography: pages 111-135.
653 0 _aVirology
700 0 _aMohamed S. Saber
_ethesis advisor.
700 0 _aYoussef Z. Habashi
_ethesis advisor.
900 _DDepartment of Virology
_FFaculty of Veterinary Medicine
_UCairo University
_b1995
_cMohamed S. Saber
_cYoussef Z. Habashi
905 _aEman El gebaly
_eNourhan
942 _2ddc
_cTH
_e21
_n0
999 _c176637